000 00358nam a2200145Ia 4500
005 20250729165649.0
008 250729s1991 xx 000 0 und d
041 _akan
082 _a420.5 LOUJ
100 _aS Luvis Collage
_9230017
245 _ajesjvith santh
260 _aMangalore
_bsam luviz colaz
_c1991
300 _a82p
650 _aEnglish
_9230018
999 _c238571
_d238571